Statistics for Lyrics to Grand Old Flag

Click here to take the quiz!

General Stats

  • This quiz has been taken 17 times
  • The average score is 49 of 63

Answer Stats

Answer% Correct
A
100%
A
100%
A
100%
I
100%
Love.
100%
And
92%
And
92%
And
92%
Flag.
92%
Flag
92%
Flag,
92%
Flying
92%
Grand
92%
Grand
92%
High
92%
Land
92%
Old
92%
Old
92%
The
92%
The
92%
The
92%
The
92%
The
92%
The
92%
The
92%
You
92%
Brave.
85%
Free
85%
Home
85%
Of
85%
Of
85%
Wave.
85%
Your
85%
You’re
85%
You’re
85%
You’re
85%
Emblem
77%
Where
77%
Be
69%
Beats
69%
Blue,
69%
Eye
69%
Forever
69%
Heart
69%
In
69%
Keep
69%
May
69%
Never
69%
On
69%
Or
69%
Peace
69%
Red,
69%
True
69%
White,
69%
Brag.
62%
There’s
62%
Boast
54%
Forgot,
54%
Should
46%
Ev’ry
38%
Acquaintance
31%
Auld
31%
‘Neath
23%

Score Distribution

Percentile by Number Answered

Percent of People with Each Score

Your Score History

You have not taken this quiz